000 00816nam a2200265Ia 4500
003 OSt
005 20220926010512.0
006 a|||||r|||| 00| 0
007 ta
008 220923b |||||||| |||| 00| 0 eng d
020 _a9788126577453
_c799.00
037 _bRKBA/09-10/5933, 20/02/2019, RAJKIRAN BOOK AGENCY
_cGeneral Book
040 _aRTL
_cRTL
_beng
041 _2eng
_aeng
082 _aX:521-8, Q8
100 _aHUGOS Michael
_9312425
245 0 _aEssentials of supply chain management
250 _a4th
260 _a New Delhi
_bWiley India
_c2018
300 _axii,355p
_ccm.
500 _aBibliography chapterwise
650 _aCommerce
942 _hX:521-8, Q8
_cGB
_2CC
999 _c617397
_d617397